Sports Quiz

Random Sports or Europe Quiz

Formula One: Europe Grand Prix since 1993 Quiz Stats

 Plays Quiz not verified by Sporcle

Challenge
Share
Tweet
Embed
Score 0/140 Timer 10:00
0 Plays Today
Hint Answer % Correct
1994Michael Schumacher
98.8%
1995Michael Schumacher
98.8%
1995Rubens Barrichello
98.8%
1996Michael Schumacher
98.8%
1996Rubens Barrichello
98.8%
1999Rubens Barrichello
98.8%
1999Ralf Schumacher
98.8%
2000Michael Schumacher
98.8%
2000Rubens Barrichello
98.8%
2001Michael Schumacher
98.8%
2001Ralf Schumacher
98.8%
2001Rubens Barrichello
98.8%
2002Rubens Barrichello
98.8%
2002Michael Schumacher
98.8%
2002Ralf Schumacher
98.8%
2002Jenson Button
98.8%
2003Ralf Schumacher
98.8%
2003Rubens Barrichello
98.8%
2003Fernando Alonso
98.8%
2003Michael Schumacher
98.8%
2003Mark Webber
98.8%
2003Jenson Button
98.8%
2004Michael Schumacher
98.8%
2004Mark Webber
98.8%
2004Fernando Alonso
98.8%
2004Jenson Button
98.8%
2004Rubens Barrichello
98.8%
2005Fernando Alonso
98.8%
2005Rubens Barrichello
98.8%
2005Michael Schumacher
98.8%
2006Michael Schumacher
98.8%
2006Fernando Alonso
98.8%
2006Rubens Barrichello
98.8%
2006Nico Rosberg
98.8%
2007Mark Webber
98.8%
2007Fernando Alonso
98.8%
2008Lewis Hamilton
98.8%
2008Sebastian Vettel
98.8%
2008Nico Rosberg
98.8%
2009Rubens Barrichello
98.8%
2009Jenson Button
98.8%
2009Fernando Alonso
98.8%
2009Nico Rosberg
98.8%
2009Jenson Button
98.8%
2010Sebastian Vettel
98.8%
2010Lewis Hamilton
98.8%
2010Rubens Barrichello
98.8%
Hint Answer % Correct
2010Jenson Button
98.8%
2010Fernando Alonso
98.8%
2010Nico Rosberg
98.8%
2011Sebastian Vettel
98.8%
2011Fernando Alonso
98.8%
2011Mark Webber
98.8%
2011Lewis Hamilton
98.8%
2011Jenson Button
98.8%
2011Nico Rosberg
98.8%
2012Mark Webber
98.8%
2012Fernando Alonso
98.8%
2012Michael Schumacher
98.8%
2012Nico Rosberg
98.8%
2012Jenson Button
98.8%
1993Ayrton Senna
97.6%
2002Kimi Raikkonen
97.6%
2002Felipe Massa
97.6%
2006Felipe Massa
97.6%
2006Kimi Raikkonen
97.6%
2007Felipe Massa
97.6%
2008Felipe Massa
97.6%
2009Kimi Raikkonen
97.6%
2011Felipe Massa
97.6%
2012Kimi Raikkonen
97.6%
2012Bruno Senna
97.6%
1995David Coulthard
96.5%
1996David Coulthard
96.5%
1997David Coulthard
96.5%
1999Jarno Trulli
96.5%
2000David Coulthard
96.5%
2001Juan Pablo Montoya
96.5%
2001David Coulthard
96.5%
2003Juan Pablo Montoya
96.5%
2004Juan Pablo Montoya
96.5%
2004Jarno Trulli
96.5%
2005David Coulthard
96.5%
2005Juan Pablo Montoya
96.5%
2005Jarno Trulli
96.5%
2007David Coulthard
96.5%
2008Jarno Trulli
96.5%
1993Damon Hill
95.3%
1994Damon Hill
95.3%
1994Mika Hakkinen
95.3%
1996Jacques Villeneuve
95.3%
1996Damon Hill
95.3%
1997Mika Hakkinen
95.3%
1997Jacques Villeneuve
95.3%
Hint Answer % Correct
1999Mika Hakkinen
95.3%
2000Mika Hakkinen
95.3%
2001Mika Hakkinen
95.3%
2006Jacques Villeneuve
95.3%
2000Giancarlo Fisichella
94.1%
2004Giancarlo Fisichella
94.1%
2005Giancarlo Fisichella
94.1%
2006Giancarlo Fisichella
94.1%
1993Alain Prost
92.9%
2003Nick Heidfeld
92.9%
2005Nick Heidfeld
92.9%
2007Nick Heidfeld
92.9%
2011Nick Heidfeld
92.9%
1994Eddie Irvine
91.8%
1994Heinz- Harald Frentzen
91.8%
1995Eddie Irvine
91.8%
1997Eddie Irvine
91.8%
1997Heinz- Harald Frentzen
91.8%
1995Jean Alesi
89.4%
2007Robert Kubica
89.4%
2007Heikki Kovalainen
89.4%
2008Robert Kubica
89.4%
2008Heikki Kovalainen
89.4%
2009Heikki Kovalainen
89.4%
2009Robert Kubica
89.4%
2010Robert Kubica
89.4%
1994Gerhard Berger
87.1%
1997Gerhard Berger
87.1%
2010Adrian Sutil
87.1%
2011Adrian Sutil
87.1%
1993Johnny Herbert
85.9%
1995Johnny Herbert
85.9%
1999Johnny Herbert
85.9%
2012Nico Hulkenberg
85.9%
1993Riccardo Patrese
83.5%
2008Timo Glock
82.4%
2012Sergio Perez
82.4%
2010Kamui Kobayashi
77.6%
2010Sebastien Buemi
77.6%
2012Paul di Resta
77.6%
1996Martin Brundle
74.1%
2007Alexander Wurz
74.1%
2011Jaime Alguersuari
74.1%
2000Pedro de la Rosa
70.6%
1999Marc Gene
57.6%
1993Fabrizio Barbazza
42.4%

You're not logged in!

Compare scores with friends on all Sporcle quizzes.
Join for Free
OR
Log In

You Might Also Like...

Show Comments

Extras

Top Quizzes Today


Score Distribution

Your Account Isn't Verified!

In order to create a playlist on Sporcle, you need to verify the email address you used during registration. Go to your Sporcle Settings to finish the process.

Report this User

Report this user for behavior that violates our Community Guidelines.

Details: